Moderní trendy v čištění odpadních vod : Brno, 2.-4.duben 1997
Gespeichert in:
| Format: | Buch |
|---|---|
| Sprache: | Tschechisch |
| Veröffentlicht: |
Brno :
Noel 2000 s.r.o.,
1997
|
| Tags: |
Keine Tags, Fügen Sie das erste Tag hinzu!
|
MARC
| LEADER | 00000nam a22000003a 4500 | ||
|---|---|---|---|
| 001 | stu14118 | ||
| 005 | 20150408181707.4 | ||
| 008 | 971021s1997----xr------------------cze-d | ||
| 020 | |a 80-86020-07-X | ||
| 040 | |a STU |b slo | ||
| 041 | 0 | |a cze | |
| 044 | |a xr | ||
| 080 | |a 628.34 |7 stu_us_auth*stu5731 | ||
| 245 | |a Moderní trendy v čištění odpadních vod : |b Brno, 2.-4.duben 1997 | ||
| 260 | |a Brno : |b Noel 2000 s.r.o., |c 1997 | ||
| 300 | |a 156 s : |b Tab.,grafy | ||
| 996 | |b CK574 |c C*K574 |l CCXXVI |s P |a 0 |w stu14118_0001 | ||